| 000 | 00000nam##2200000za#4500 |
| 001 | 9.647747 |
| 003 | CaOODSP |
| 005 | 20250526094523 |
| 007 | ta |
| 008 | 150407|2000||||xxc||||| f|0| 0 eng|d |
| 020 | |a0-662-28983-8 |
| 040 | |aCaOODSP|beng |
| 043 | |an-cn--- |
| 086 | 1 |aCi51-93/2000E |
| 110 | 1 |aCanada. |bCitizenship and Immigration Canada. |
| 245 | 10|aForging our legacy : |bCanadian citizenship and immigration, 1900-1977 / |cby Valerie Knowles. |
| 260 | |aOttawa - Ontario : |bCitizenship and Immigration Canada |c2000. |
| 300 | |aiv, 101p. : |billus. ; |c20 cm. |
| 504 | |aBibliography. |
| 563 | |aSoftcover |
| 590 | |a02-06|b2002-02-08 |
| 690 | 07|aImmigration|2gcpds |
| 690 | 07|aCitizenship|2gcpds |
| 690 | 07|aCanadian history|2gcpds |
| 720 | 1 |aKnowles, Valerie |
| 775 | 08|tLes artisans de notre patrimoine : |w(CaOODSP)9.681129 |
| 776 | 0#|tForging our legacy : |w(CaOODSP)9.951342 |